Znaki rozpoznawcze Kanady - Statystyki

Ogólne statystyki
  • Ten quiz został rozwiązany 100 razy
  • Średni wynik to 5 z 20
Statystyki odpowiedzi
Obrazkowy Hint Odpowiedź % Poprawnych
zwierzę Bóbr
75%
Wodospad Niagara
73%
Liść klonowy
67%
piosenkarka Celine Dion
53%
wynaleziono w Kanadzie Skuter śnieżny
51%
premier Justin Trudeau
35%
Québéc
34%
reżyser James Cameron
20%
wieża CN Tower
19%
jedzenie Poutine
19%
wyspa Ziemia Baffina
17%
dyscyplina sportowa Lacrosse
13%
aktor Mike Myers
12%
ośrodek narciarski Whistler
9%
jezioro Jezioro Górne
8%
zespół Montreal Canadiens
7%
park narodowy Park Narodowy Banff
7%
Wayne Gretzky
7%
budynek {Parlament} Wzgórze
2%
RCMP
1%
Nie znaleziono quizów pasujących do podanych kryteriów
Rozkład punktacji
Procent ludzi z każdym wynikiem
Percentyl według liczby udzielonych odpowiedzi
Twoja historia wyników
Nie rozwiązałeś tego quizu